| 000 | 01277cam a22002418i 4500 | ||
|---|---|---|---|
| 999 |
_c14112 _d14112 |
||
| 003 | OSt | ||
| 005 | 20260422152513.0 | ||
| 008 | 240418s2025 nyu 001 0 eng | ||
| 020 |
_a9798765102480 _q(paperback) |
||
| 040 |
_aDLC _beng _erda _cDLC |
||
| 042 | _apcc | ||
| 082 | 0 | 0 |
_a747 _223/eng/20240510 |
| 100 | 1 |
_aWebber, Steven B., _eauthor. |
|
| 245 | 1 | 0 |
_aInterior design fundamentals / _cSteven B. Webber, Florida State University. |
| 250 | _aSecond edition. | ||
| 263 | _a1111 | ||
| 300 | _apages cm | ||
| 500 | _aIncludes index. | ||
| 520 | _a"Learn the basics of interior design thinking and the design process. Envision yourself in the role of professional designer as you learn about design theory, such as the phases of design, spatial well-being, color theory, history, professional practices, and design practicalities such as finishes, furnishings, lighting, environmental systems, and more. Learning how to think like a designer, and developing a process to do so, will be a valuable skill as you move forward in your studies and career"-- | ||
| 650 | 0 | _aInterior decoration. | |
| 776 | 0 | 8 |
_iOnline version: _aWebber, Steven B. _tInterior design fundamentals. _bSecond edition _dNew York : Fairchild Books, 2025 _z9798765102497 _w(DLC) 2023056272 |
| 942 | _2ddc | ||